000 00813nas a2200265 4500
001 BR0603116
003 BR-BrBNA
005 20231205110133.0
007 ta
008 230509b bl.|||p| |||| 00| 00por d
040 _aBR-BrBNA
_bpor
_cBiblioteca Nacional de Agricultura
041 _a(Pt)
072 _aL73; L70
100 1 _aSilva, C.E.V.
100 1 _aCamacho, A.A.
245 1 _aAlterações ecocardiográficas em cães sob tratamento prolongado com doxorrubicina
650 _aCÃO
650 _aCARDIOPATIA
650 _aLESÃO
650 _aRADIOGRAFIA
650 _aANTIBIÓTICO
773 0 _tArquivo Brasileiro de Medicina Veterinária e Zootecnia (Brazil)
_xISSN 0102-0935
_g(Jun 2005), v. 57(3) p. 300-306
_wBR0603116
909 _a202311
_bLúcia
_c55
_dLúcia Elande
942 _2AGRIS
_n0
_cANA
999 _c186316
_d186316